000 00327nam a2200145Ia 4500
008 200305s9999 xx 000 0 und d
082 _a782
082 _bJHA
100 _aJHA, RAMASHRAYA
245 _aABHINAV GEETANJALI
250 _a3 RD
260 _aKURUKSHETRA
_bNIRMAL BOOK AGENCY
650 _aMUSIC
999 _c38585
_d38585
041 _ahin